Cities separated by national borders - Statistics

General Stats
  • This quiz has been taken 2 times
  • The average score is 23 of 68
Answer Stats
Hint Answer % Correct
Großgmain- Austria
100%
České Velenice Czechia
100%
Bad Radkersburg- Austria
50%
Gmünd- Austria
50%
Lichtenbusch Belgium
50%
Martelange- Belgium
50%
Baarle-Hertog Belgium
50%
Wervik- Belgium
50%
Brod Bosnia
50%
Donja Nevlja Bulgaria
50%
Niagara Falls- Canada
50%
Slavonski Brod Croatia
50%
Železná Ruda Czechia
50%
Opawice Czechia
50%
Narva- Estonia
50%
Wervicq-Sud France
50%
Petite-Rosselle France
50%
Bayerisch Gmain Germany
50%
Lichtenbusch- Germany
50%
Echternacherbrück Germany
50%
Guben- Germany
50%
Großrosseln- Germany
50%
Bayerisch Eisenstein Germany
50%
Laufenburg Germany
50%
Komárom- Hungary
50%
Rome Italy
50%
Gorizia Italy
50%
Rombach-Martelange Luxemburg
50%
Echternach Luxemburg
50%
El Paso Mexico
50%
Baarle-Nassau- Netherlands
50%
Gubin Poland
50%
Szczurkowo- Poland
50%
Opawica- Poland
50%
Shirokoe Russia
50%
Ivangorod Russia
50%
Donja Nevlja- Serbia
50%
Komarno Slovakia
50%
Gornja Radgona Slovenia
50%
Nova Gorica- Slovenia
50%
Laufenburg- Switzerland
50%
Niagara Falls USA
50%
Ciudad Juárez- USA
50%
Vatican- Vatican
50%
Astara Azerbaijan
0%
Heihe China
0%
Valga Estonia
0%
Moyale- Ethiopia
0%
Tornio- Finland
0%
Lucelle France
0%
Herzogenrath Germany
0%
Astara- Iran
0%
Sarakhs- Iran
0%
Ghajar- Israel
0%
Moyale Kenya
0%
Valka- Latvia
0%
Ghajar Lebanon
0%
Kerkrade Netherlands
0%
Chilia Veche- Romania
0%
Blagoveshensk- Russia
0%
Veľké Slemence- Slovakia
0%
Haparanda Sweden
0%
Lucelle- Switzerland
0%
Ras al-Ayn- Syria
0%
Ceylanpınar Turkey
0%
Sarakhs Turkmenistan
0%
Kiliia Ukraine
0%
Mali Selmenzi Ukraine
0%
No matching quizzes found
Score Distribution
Percent of People with Each Score
Percentile by Number Answered
Your Score History
You have not taken this quiz